LEADER 01454nam a2200385 i 4500 001 991002998829707536 005 20020509110315.0 008 950209s1976 it ||| | ita 020 $a8842045896 035 $ab11092853-39ule_inst 035 $aPARLA173070$9ExL 040 $aDip.to Filosofia$bita 082 0 $a320.1 100 1 $aEuchner, Walter$0184803 245 13$aLa filosofia politica di Locke /$cWalter Euchner ; introduzione di Giuseppe Bedeschi 260 $aBari :$aRoma ; Bari :$bLaterza,$c1976 300 $aVII, 336 p. ;$c21 cm 300 $aXIX, 335 p. ;$c22 cm. 490 0 $aBiblioteca di cultura moderna ;$v788 490 0 $aBiblioteca Universale Laterza ;$v426 500 $aTrad. K. Tenenbaum 500 $aTit. orig.: Naturrecht und Politik bei John Locke 650 4$aFilosofia politica 650 4$aLocke, John 650 4$aLocke, John$xPensiero politico 700 1 $aTenenbaum, Katia 700 1 $aBedeschi, Giuseppe 740 0 $aNaturrechund politik bei John Locke 907 $a.b11092853$b23-02-17$c28-06-02 912 $a991002998829707536 945 $aLE005IF VI E 63$g1$i2005000072833$lle005$o-$pE0.00$q-$rl$s- $t0$u3$v4$w3$x0$y.i1122535x$z28-06-02 945 $aLE005 MF 10 M 17$g1$i2005000203305$lle005$o-$pE0.00$q-$rl$s- $t0$u1$v3$w1$x0$y.i11225361$z28-06-02 996 $aFilosofia politica di Locke$9616241 997 $aUNISALENTO 998 $ale005$b01-01-95$cm$da $e-$fita$git $h3$i2